000
00265nam a22001217a 4500
008
171103b xxu||||| |||| 00| 0 eng d
041
_a
eng
080
_2
5 ED
_a
339.138
100
_a
60
101
_a
MAR
245
_a
SRVICE MARKETING
_c
BITNER.Z
942
_2
udc
_c
BK
999
_c
37562
_d
37562